| 000 | 00701cam a2200217 4500 | ||
|---|---|---|---|
| 001 | ABS61857 | ||
| 008 | 000000n2000 000 0 eng u | ||
| 035 | _a(Sirsi) u103961 | ||
| 245 | _aBuilding a better business | ||
| 260 | _c2000 | ||
| 490 |
_aWaste Management _vJanuary 2000, 42-43(2) |
||
| 520 | _aSpecial feature on Lafarge Redland Aggregates and their attempts to conserve natural resources and develop more sustainable products and practices. | ||
| 590 | _aABS | ||
| 650 | _aLANDFILL | ||
| 650 | _aWASTE DISPOSAL | ||
| 650 | _aCONSTRUCTION WASTE | ||
| 650 | _aMINERALS | ||
| 650 | _aWASTE RECYCLING | ||
| 690 | _aENVIRONMENTAL AND LAND CONSULTANCY-WASTE MANAGEMENT | ||
| 942 | _n0 | ||
| 999 |
_c62393 _d62393 |
||